000 01926cam a22005054i 4500
003 PE-LiUPU
005 20250731172950.0
008 150623s r 000 0 d
020 _a080101056X
035 _a(Sirsi) i9780801010569
040 _aPE-LiUPU
_bspa
_cPE-LiUPU
_erda
049 _aPRUA
082 0 4 _a259.6
_bL31
_221
100 1 _aLawrenz, Mel,
_eautor.
245 1 0 _aOvercoming grief and trauma /
_cMel Lawrenz y Daniel Green.
264 1 _aMichigan :
_bBaker Books,
_c1995.
300 _a211 páginas :
_bilustraciones, gráficos ;
_c24 centímetros
336 _atext
_2rdacontent
337 _aunmediated
_2rdamedia
338 _avolume
_2rdacarrier
490 0 _aStrategic pastoral counseling resources
504 _aIncluye bibliografía.
505 0 _aDefining grief and trauma. -Grief, trauma, and a Biblical worldview. -Grief-coming to terms with loss. -Trauma-overwhelming our capacity to cope. -From victim to survivor-healing beyond trauma. -Counseling grieving and traumatized people. -Session 1-the encounter stage. -Session 2,3 and 4-the engagement stage. -Session 5-The disengagement stage.
526 _aSEG42
526 _aSEG41
526 _aSEG40
526 _aSEG39
526 _aP94
526 _aP87
526 _aP86
526 _aP85
526 _aP77
526 _aP76
526 _aP35
650 0 4 _aConsejería pastoral.
_91495
650 0 4 _aDolor
_xCristianismo.
650 0 4 _aTrauma psíquico.
700 1 _aGreen, Daniel,
_eautor.
942 _2ddc
_cBOOK
949 _a259.6 L31
_wDEWEY
_c1
_i44923
_lCCODEBUL1
_mBUL
_r0
_sY
_tBOOK
_u2015-6-24
_xTEOLOGIA
_PP35
_0COMPRA
_o.STAFF. Colección General
994 _aC0
_bPEPRU
596 _a1
999 _a259.6 L31
_wDEWEY
_c21795
_i44923
_f2021-11-10
_g5
_lCCODEBUL1
_mBUL
_r0
_sY
_tBOOK
_u2015-6-24
_xTEOLOGIA
_PP35
_0COMPRA
_o.STAFF. Colección General
_d21795
980 _81
_gALBERTO SANCHEZ Responsable de Automatización